Największe miasta Nevady - Statystyki

Ogólne statystyki
  • Ten quiz został rozwiązany 13 razy
  • Średni wynik to 2 z 10
Statystyki odpowiedzi
Ludność Miasto % Poprawnych
660,929 Las Vegas
100%
274,915 Reno
36%
58,036 Carson City
18%
20,613 Elko
18%
284,771 North Las Vegas
9%
14,879 Boulder City
0%
23,511 Fernley
0%
337,305 Henderson
0%
21,158 Mesquite
0%
110,323 Sparks
0%
Nie znaleziono quizów pasujących do podanych kryteriów
Rozkład punktacji
Procent ludzi z każdym wynikiem
Percentyl według liczby udzielonych odpowiedzi
Twoja historia wyników
Nie rozwiązałeś tego quizu